[Event "Vaujany Principal"]
[Site "?"]
[Date "2018.07.18"]
[Round "7.7"]
[White "Konguvel, Ponnuswamy"]
[Black "Trabet, Nicolas"]
[Result "1-0"]
[WhiteElo "2340"]
[BlackElo "2190"]
[PlyCount "60"]
[EventDate "2018.??.??"]

1. e4 c5 2. Nf3 d6 3. d4 cxd4 4. Nxd4 Nf6 5. Nc3 g6 6. Be3 a6 7. f3 b5 8. a4 b4
9. Na2 a5 10. c3 bxc3 11. Nxc3 Bg7 12. Bb5+ Bd7 13. O-O O-O 14. Qd2 Na6 15. Nc6
Bxc6 16. Bxc6 Rb8 17. Bb5 Nb4 18. Rfd1 Qc8 19. Rac1 Qe6 20. Ne2 Rfd8 21. Nd4
Qe5 22. Bf4 Qh5 23. Nb3 Rxb5 24. axb5 Qxb5 25. Be3 e5 26. Rc5 Qa4 27. Qc3 Na2
28. Qc4 Qxc4 29. Rxc4 Rb8 30. Nxa5 Rxb2 1-0

[Event "Vaujany Principal"]
[Site "?"]
[Date "2018.07.18"]
[Round "7.8"]
[White "Dudognon, Thibault"]
[Black "Collas, Silvia"]
[Result "0-1"]
[WhiteElo "2316"]
[BlackElo "2266"]
[PlyCount "74"]
[EventDate "2018.??.??"]

1. d4 Nf6 2. c4 e6 3. g3 d5 4. Nf3 dxc4 5. Bg2 Nc6 6. O-O Rb8 7. e3 b5 8. a4 a6
9. axb5 axb5 10. b3 cxb3 11. Qxb3 Be7 12. Bb2 O-O 13. Rc1 Rb6 14. Ra8 Qd5 15.
Qd1 Bb7 16. Rxf8+ Bxf8 17. Ne5 Qa2 18. Qc2 Nxe5 19. dxe5 Nd5 20. Qd2 c5 21. e4
Nb4 22. Nc3 Qa8 23. Ra1 Ra6 24. Rxa6 Qxa6 25. Bf1 c4 26. Qd7 Qc6 27. Qd8 Na6
28. Bg2 b4 29. Ne2 c3 30. Bc1 Nc5 31. Be3 c2 32. Nd4 Qa4 33. Bf1 b3 34. Nxc2
Qxe4 35. f3 Qxc2 36. Bg5 Na4 37. Be7 Qc8 0-1

[Event "Vaujany Principal"]
[Site "?"]
[Date "2018.07.18"]
[Round "7.9"]
[White "Terbe, Julianna"]
[Black "Skomorokhin, Roman"]
[Result "1/2-1/2"]
[WhiteElo "2238"]
[BlackElo "2371"]
[PlyCount "101"]
[EventDate "2018.??.??"]

1. Nf3 Nf6 2. g3 d5 3. Bg2 e6 4. O-O Be7 5. d4 b5 6. a4 b4 7. c4 bxc3 8. Nxc3
O-O 9. Bf4 a5 10. Rc1 c6 11. Ne5 Nfd7 12. e4 Nxe5 13. Bxe5 Ba6 14. Re1 Nd7 15.
Bf4 Bb4 16. e5 Rb8 17. Qg4 Kh8 18. h4 c5 19. Rcd1 cxd4 20. Rxd4 Bxc3 21. bxc3
Nc5 22. Red1 Nb3 23. Bg5 Qc7 24. h5 Nxd4 25. cxd4 h6 26. Rc1 Qd7 27. Bf6 Rg8
28. Qf4 Kh7 29. Bh4 Rgc8 30. Rxc8 Rxc8 31. g4 g5 32. hxg6+ fxg6 33. Bf6 Bd3 34.
Qd2 Bc2 35. Qxa5 Qxa4 36. Qb6 Qc6 37. Qa7+ Qc7 38. Qa6 Qc6 39. Qa7+ Qc7 40. Qa6
Qd7 41. Bf1 Rb8 42. Qa3 Be4 43. Qd6 Qa7 44. Qxe6 Rb1 45. Qc8 Rxf1+ 46. Kxf1
Qa1+ 47. Ke2 Qb2+ 48. Ke1 Qb1+ 49. Kd2 Qd3+ 50. Ke1 Qb1+ 51. Kd2 1/2-1/2

[Event "Vaujany Principal"]
[Site "?"]
[Date "2018.07.18"]
[Round "7.10"]
[White "Gabirit, Jean Pierre"]
[Black "Meunier, Clement"]
[Result "0-1"]
[WhiteElo "2186"]
[BlackElo "2322"]
[PlyCount "82"]
[EventDate "2018.??.??"]

1. d4 Nf6 2. c4 c5 3. d5 b5 4. Qc2 Qa5+ 5. Nd2 e6 6. e4 bxc4 7. Bxc4 Bb7 8. Ne2
Be7 9. Nc3 O-O 10. O-O exd5 11. exd5 d6 12. Re1 Qd8 13. b3 Nbd7 14. Nf3 Re8 15.
h3 Nb6 16. Qd3 Nxc4 17. bxc4 Bc8 18. Bg5 h6 19. Bd2 Rb8 20. Ne2 Nd7 21. a4 Bf6
22. Rab1 Ba6 23. a5 Rxb1 24. Rxb1 Qc7 25. Ng3 Rb8 26. Re1 Ne5 27. Nxe5 Bxe5 28.
Nf5 Qd7 29. Bxh6 Bxc4 30. Qxc4 Qxf5 31. Be3 Rb4 32. Qa6 Rb1 33. Kf1 Rxe1+ 34.
Kxe1 Qb1+ 35. Ke2 Qa2+ 36. Bd2 g6 37. Ke1 c4 38. f4 Qb1+ 39. Kf2 Bd4+ 40. Ke2
Qd3+ 41. Ke1 Bf2+ 0-1

[Event "Vaujany Principal"]
[Site "?"]
[Date "2018.07.18"]
[Round "7.11"]
[White "Mullick, Raahil"]
[Black "Abbas, Daniel"]
[Result "1/2-1/2"]
[WhiteElo "2128"]
[BlackElo "2299"]
[PlyCount "113"]
[EventDate "2018.??.??"]

1. e4 c5 2. Nf3 e6 3. d4 cxd4 4. Nxd4 a6 5. Bd3 Nf6 6. O-O Qc7 7. Qe2 d6 8. c4
g6 9. Nc3 Bg7 10. Be3 O-O 11. Rac1 Nbd7 12. f3 Ne5 13. Rfd1 b6 14. b4 Bb7 15.
Na4 Rab8 16. Nb3 Ba8 17. Kh1 Rfd8 18. Qf2 Nxd3 19. Rxd3 Nd7 20. Rdd1 Qc6 21.
Nb2 Ne5 22. a4 Qc7 23. Nd4 Qe7 24. Qd2 Bf6 25. Re1 Bh4 26. Re2 Bf6 27. Rc2 Rbc8
28. Qe1 Qb7 29. Qg3 d5 30. exd5 exd5 31. Bg5 Bxg5 32. Qxg5 dxc4 33. Qxe5 Qd7
34. Rxc4 Rxc4 35. Nxc4 Qxd4 36. Qxd4 Rxd4 37. Kg1 Bxf3 38. Re8+ Kg7 39. gxf3
Rxc4 40. Ra8 Rxb4 41. Rxa6 Rb2 42. Ra7 h5 43. Rb7 Rb4 44. Kg2 h4 45. Kh3 Rxa4
46. Rxb6 f5 47. Rb2 Kh6 48. Kg2 Kg5 49. h3 Kf4 50. Kf2 Ke5 51. Ke3 Ra3+ 52. Kf2
Rc3 53. Rd2 Rc4 54. Re2+ Kd4 55. Rd2+ Kc3 56. Rd6 g5 57. Rd5 1/2-1/2

[Event "Vaujany Principal"]
[Site "?"]
[Date "2018.07.18"]
[Round "7.12"]
[White "Kulkarni, Bhakti"]
[Black "Terbe, Zsuzsanna"]
[Result "1/2-1/2"]
[WhiteElo "2285"]
[BlackElo "2178"]
[PlyCount "144"]
[EventDate "2018.??.??"]

1. d4 d5 2. c4 c6 3. cxd5 cxd5 4. Nc3 Nf6 5. Nf3 Nc6 6. Bf4 Bf5 7. e3 e6 8. Bb5
Bb4 9. Qa4 O-O 10. O-O Bxc3 11. bxc3 Na5 12. Nh4 Bg4 13. f3 Bh5 14. g4 Bg6 15.
Nxg6 hxg6 16. Qb4 a6 17. Bd3 Rc8 18. Rfc1 Nd7 19. g5 e5 20. dxe5 Re8 21. Rd1
Nxe5 22. Kf2 Nec6 23. Qa3 Qe7 24. Qxe7 Nxe7 25. Be5 Nc4 26. Bxc4 Rxc4 27. Rd3
Nc6 28. Bd6 Rd8 29. Rxd5 Rxc3 30. e4 f6 31. a4 Kf7 32. Rad1 Ne7 33. R5d4 Nc8
34. Bb4 Rxd4 35. Rxd4 Rc7 36. a5 Ke8 37. h4 Ne7 38. Be1 Rc5 39. gxf6 gxf6 40.
Rd6 Kf7 41. Ke3 Rc7 42. Kf4 Nc8 43. Rd8 Ke6 44. Bb4 Rc4 45. Ba3 Rc3 46. Bb2 Rc2
47. Bd4 Ne7 48. Rf8 f5 49. Rf6+ Kd7 50. Bb6 Rc4 51. Ke5 fxe4 52. fxe4 Ke8 53.
Rd6 Nc6+ 54. Kf4 Ne7 55. Rd8+ Kf7 56. Rd7 Ke6 57. Rxb7 Nd5+ 58. Kf3 Nf6 59. Be3
Nxe4 60. Rb6+ Kf5 61. Rxa6 g5 62. hxg5 Nxg5+ 63. Ke2 Ne4 64. Ra8 Nd6 65. a6 Nc8
66. Kd3 Rc6 67. a7 Rc7 68. Bd4 Ke6 69. Bg1 Kd7 70. Ke4 Kc6 71. Bh2 Re7+ 72. Kf5
Nxa7 1/2-1/2

[Event "Vaujany Principal"]
[Site "?"]
[Date "2018.07.18"]
[Round "7.15"]
[White "Vignale, Stephane"]
[Black "Bandet, Raphael"]
[Result "0-1"]
[WhiteElo "2100"]
[BlackElo "2160"]
[PlyCount "106"]
[EventDate "2018.??.??"]

1. Nf3 f5 2. d3 Nc6 3. e4 e5 4. Nc3 Nf6 5. Be2 Bb4 6. Bg5 h6 7. Bd2 d6 8. Nh4
O-O 9. exf5 Nd4 10. O-O c6 11. Ne4 Bxd2 12. Nxd2 Nd5 13. g3 Nxf5 14. Nxf5 Bxf5
15. Bg4 Qd7 16. Bxf5 Rxf5 17. c4 Nc7 18. Qg4 Raf8 19. f4 Qe6 20. Rae1 Qd7 21.
Kg2 a5 22. Ne4 Na6 23. Rf3 Qc7 24. Ref1 d5 25. Nc3 Qb6 26. R1f2 Qd4 27. cxd5
cxd5 28. Nb5 Qb4 29. Nc3 exf4 30. Rxf4 Rxf4 31. gxf4 Qb6 32. f5 Nc7 33. f6 Ne8
34. f7+ Rxf7 35. Rxf7 Kxf7 36. Qh5+ Qg6+ 37. Qxg6+ Kxg6 38. Nxd5 Kf5 39. Kf3
Ke5 40. Nb6 Kd4 41. Nc4 a4 42. Ke2 b5 43. Na3 Nd6 44. Nc2+ Ke5 45. Kd2 g5 46.
Kc3 g4 47. Kb4 h5 48. Kc5 Nf5 49. d4+ Ke4 50. d5 h4 51. Ne1 h3 52. Kxb5 g3 53.
Kc4 g2 0-1

[Event "Vaujany Principal"]
[Site "?"]
[Date "2018.07.18"]
[Round "7.16"]
[White "Kantzer, Romain"]
[Black "Houard, Sebastien"]
[Result "0-1"]
[WhiteElo "1899"]
[BlackElo "2145"]
[PlyCount "60"]
[EventDate "2018.??.??"]

1. d4 d5 2. Bf4 Nf6 3. e3 c6 4. c4 e6 5. Nf3 Nbd7 6. Ne5 Qa5+ 7. Nc3 Nxe5 8.
Bxe5 Ne4 9. Rc1 f6 10. Bg3 Bb4 11. Qb3 e5 12. Bd3 Be6 13. Bxe4 dxe4 14. O-O b5
15. d5 bxc4 16. Qxc4 cxd5 17. Qc6+ Kf7 18. Nb5 Qb6 19. Qc7+ Be7 20. Qxb6 axb6
21. Nc7 Rac8 22. f4 Bc5 23. Rxc5 bxc5 24. Nb5 exf4 25. Bxf4 Rc6 26. Rc1 g5 27.
Bd6 Rb6 28. Rxc5 Bd7 29. a4 Bxb5 30. Bc7 Rc6 0-1

[Event "Vaujany Principal"]
[Site "?"]
[Date "2018.07.18"]
[Round "7.19"]
[White "Fodor, Balazs"]
[Black "Kaloczi, Kristof"]
[Result "1/2-1/2"]
[WhiteElo "2147"]
[BlackElo "2032"]
[PlyCount "60"]
[EventDate "2018.??.??"]

1. e4 c5 2. Nf3 d6 3. d4 cxd4 4. Nxd4 Nf6 5. Nc3 a6 6. Bg5 e6 7. f4 Be7 8. Qf3
Qc7 9. O-O-O Nbd7 10. Bd3 b5 11. Rhe1 Bb7 12. Qg3 b4 13. Nd5 exd5 14. e5 dxe5
15. fxe5 Nh5 16. e6 Nxg3 17. exf7+ Kxf7 18. Rxe7+ Kg8 19. hxg3 Qxg3 20. Ne6 Qe5
21. Rf1 Nf8 22. Bf5 Bc8 23. Re8 Kf7 24. Re7+ Kg8 25. Re8 Kf7 26. Re7+ Kg8 27.
Re8 Kf7 28. Re7+ Kg8 29. Re8 Kf7 30. Re7+ Kg8 1/2-1/2

[Event "Vaujany Principal"]
[Site "?"]
[Date "2018.07.18"]
[Round "7.22"]
[White "Frantz, Nicolas"]
[Black "Francois-Haugrin, Said"]
[Result "1-0"]
[WhiteElo "2080"]
[BlackElo "1821"]
[PlyCount "65"]
[EventDate "2018.??.??"]

1. e4 c5 2. Nf3 Nc6 3. Bb5 e6 4. O-O Nge7 5. Re1 Qb6 6. Nc3 a6 7. Bf1 Nd4 8. d3
Nec6 9. Nxd4 cxd4 10. Nb1 d6 11. c4 e5 12. Nd2 g6 13. b3 Bg7 14. Ba3 Nb4 15.
Bb2 Nc6 16. g3 h5 17. f4 h4 18. Qf3 Bd7 19. a3 hxg3 20. hxg3 a5 21. Bg2 Bh6 22.
Rab1 g5 23. f5 g4 24. Qd1 Be3+ 25. Kf1 O-O-O 26. Bc1 Rdg8 27. b4 Rg5 28. c5 Qb5
29. Nc4 Kc7 30. a4 Qa6 31. b5 Qa8 32. cxd6+ Kd8 33. bxc6 1-0

[Event "Vaujany Principal"]
[Site "?"]
[Date "2018.07.18"]
[Round "7.23"]
[White "Billotti, Romain"]
[Black "Berta, Sandor"]
[Result "0-1"]
[WhiteElo "1853"]
[BlackElo "2083"]
[PlyCount "56"]
[EventDate "2018.??.??"]

1. d4 Nf6 2. c4 g6 3. Nc3 Bg7 4. e4 d6 5. Nf3 O-O 6. Be2 e5 7. O-O Nc6 8. d5
Ne7 9. Ne1 Nd7 10. f4 f5 11. Nd3 Nb6 12. fxe5 Nxc4 13. exd6 cxd6 14. Kh1 a6 15.
Nf4 Ne5 16. Be3 fxe4 17. Nxe4 Nf5 18. Bf2 Bh6 19. Ne6 Bxe6 20. dxe6 Qe7 21. Qb3
Rae8 22. g4 Ng7 23. g5 Bxg5 24. Nxg5 Qxg5 25. e7+ Rf7 26. Be3 Qxe7 27. Bd4 Qe6
28. Rxf7 Nxf7 0-1

[Event "Vaujany Principal"]
[Site "?"]
[Date "2018.07.18"]
[Round "8.1"]
[White "Paul, Johannes"]
[Black "Antal, Gergely"]
[Result "0-1"]
[WhiteElo "2315"]
[BlackElo "2542"]
[PlyCount "174"]
[EventDate "2018.??.??"]

1. d4 d5 2. c4 dxc4 3. Nf3 a6 4. e3 Bg4 5. Bxc4 e6 6. h3 Bh5 7. O-O Nc6 8. Nbd2
Nf6 9. Be2 Bd6 10. Nc4 O-O 11. b3 Nd5 12. Bb2 f5 13. Rc1 Qe7 14. Qd2 Bb4 15.
Qc2 Bd6 16. Qd2 Nd8 17. Nfe5 Bxe2 18. Qxe2 Nf7 19. f4 Qh4 20. Nd7 Rfe8 21. Nc5
b6 22. Nd3 Bf8 23. Kh2 Nd6 24. Nd2 a5 25. a4 Nf7 26. g3 Qd8 27. e4 fxe4 28.
Nxe4 Nd6 29. Ng5 h6 {(=)} 30. Nf3 b5 31. Rfe1 bxa4 32. bxa4 Rb8 33. Ba1 Nf5 34.
g4 Nd6 35. Kg3 Nf7 36. Qe4 Bd6 37. Nfe5 Nxe5 38. dxe5 Be7 39. Rf1 Rb3 40. Qc4
Bh4+ 41. Kh2 Ra3 42. Bd4 Ne3 43. Bxe3 Rxd3 44. Rf3 Ra3 45. Kg2 Qd7 46. Qb5 Rd8
47. f5 Qxb5 48. axb5 Rdd3 49. Rxc7 Ra2+ 50. Kg1 Rxe3 51. Rc8+ Kf7 52. Rc7+ Ke8
53. Rxe3 Bf2+ 54. Kh1 Bxe3 55. Rxg7 exf5 56. gxf5 Ra1+ 57. Kh2 Bf4+ 58. Kg2
Bxe5 59. Rg6 Kf7 60. Rxh6 Rb1 61. b6 Bd4 62. Rh7+ Kg8 63. Rd7 Bxb6 64. Rb7 a4
65. Rb8+ Kf7 66. Ra8 Rb4 67. Kf3 Kf6 68. Rf8+ Ke5 69. Ke2 Bd4 70. f6 Ke6 71. f7
Ke7 72. Rd8 Kxf7 73. Kd3 Bf6 74. Ra8 Be7 75. Kc3 Rh4 76. Kb2 a3+ 77. Ka2 Rxh3
78. Ra7 Rh2+ 79. Kb1 Ke6 80. Ra5 Bb4 81. Ra4 Bc5 82. Ra8 Kd5 83. Ra4 Rg2 84.
Ka1 Kc6 85. Kb1 Kb5 86. Re4 Rb2+ 87. Ka1 Rd2 0-1

[Event "Vaujany Principal"]
[Site "?"]
[Date "2018.07.19"]
[Round "8.2"]
[White "Joie, Sebastien"]
[Black "Horvath, Jozsef"]
[Result "1-0"]
[WhiteElo "2399"]
[BlackElo "2504"]
[PlyCount "79"]
[EventDate "2018.??.??"]

1. c4 e6 2. Nf3 Nf6 3. g3 d5 4. d4 Bb4+ 5. Bd2 Bd6 6. Nc3 Nc6 7. Bg2 dxc4 8.
Qa4 O-O 9. Qxc4 e5 10. dxe5 Nxe5 11. Nxe5 Bxe5 12. Rd1 c6 13. Bf4 Qe7 14. Bxe5
Qxe5 15. O-O Be6 16. Qd4 Qc7 17. Qh4 Rfd8 18. Bf3 a5 19. e4 h6 20. Rfe1 Qb6 21.
e5 Qxb2 22. Rxd8+ Rxd8 23. Re3 Qb4 24. exf6 Qxh4 25. gxh4 gxf6 26. Ne4 Bxa2 27.
Ra3 Be6 28. Nxf6+ Kf8 29. Rxa5 Rd4 30. Kg2 Rxh4 31. Ne4 Bd5 32. Ng3 Be6 33. Nf5
Bxf5 34. Rxf5 Ke7 35. Kg3 Rc4 36. Rh5 b5 37. Rxh6 f6 38. Rh7+ Ke6 39. Rb7 b4
40. h4 1-0

[Event "Vaujany Principal"]
[Site "?"]
[Date "2018.07.19"]
[Round "8.3"]
[White "Womacka, Mathias"]
[Black "Collas, Didier"]
[Result "1-0"]
[WhiteElo "2444"]
[BlackElo "2380"]
[PlyCount "25"]
[EventDate "2018.??.??"]

1. e4 e5 2. Nf3 Nc6 3. Bb5 a6 4. Bxc6 dxc6 5. O-O f6 6. d4 Bg4 7. c3 Qe7 8.
dxe5 fxe5 9. Be3 Rd8 10. Nbd2 Nf6 11. Qb3 Bc8 12. Nc4 Be6 13. Qxb7 1-0

[Event "Vaujany Principal"]
[Site "?"]
[Date "2018.07.19"]
[Round "8.5"]
[White "Sundararajan, Kidambi"]
[Black "Francois, Godart"]
[Result "1-0"]
[WhiteElo "2425"]
[BlackElo "2427"]
[PlyCount "53"]
[EventDate "2018.??.??"]

1. d4 d5 2. c4 e6 3. Nc3 c6 4. Nf3 dxc4 5. e4 b5 6. a4 Bb4 7. Be2 Bb7 8. O-O a6
9. e5 Ne7 10. Ne4 O-O 11. Bg5 h6 12. Bh4 Qc7 13. b3 c3 14. Bd3 Nf5 15. Qc1 Nxh4
16. Nf6+ Kh8 17. Nxh4 Nd7 18. Qe3 c5 19. axb5 axb5 20. Rxa8 Rxa8 21. Bxb5 cxd4
22. Qxd4 c2 23. Nxd7 c1=Q 24. Qxb4 Rb8 25. Nxb8 Q1c5 26. Qxc5 Qxc5 27. Bc4 {...
} 1-0

[Event "Vaujany Principal"]
[Site "?"]
[Date "2018.07.19"]
[Round "8.6"]
[White "Valles, Manuel"]
[Black "Ortiz Suarez, Isan Reynaldo"]
[Result "0-1"]
[WhiteElo "2388"]
[BlackElo "2548"]
[PlyCount "112"]
[EventDate "2018.??.??"]

1. Nf3 c5 2. c4 Nc6 3. d4 cxd4 4. Nxd4 Nf6 5. Nc3 Qb6 6. Nc2 e6 7. g3 d5 8. Bg2
d4 9. Nb5 e5 10. e3 a6 11. Nba3 Bg4 12. Qd3 Rd8 13. O-O e4 14. Qb3 Qxb3 15.
axb3 d3 16. Nd4 Bb4 17. Nb1 Nxd4 18. exd4 Rxd4 19. Be3 Rd7 20. Bd2 Bxd2 21.
Nxd2 O-O 22. Rfe1 Be2 23. Bf1 Rfd8 24. Bxe2 dxe2 25. Nb1 Rd1 26. Nc3 Rxa1 27.
Rxa1 Rd2 28. Re1 Rxb2 29. Rxe2 Rxb3 30. Nxe4 Nxe4 31. Rxe4 Kf8 32. c5 a5 33.
Rc4 Rb4 34. Rc2 Ke7 35. c6 Kd8 36. cxb7 Rxb7 37. Kf1 a4 38. Ra2 Ra7 39. Ke2 a3
40. Kd3 Ke7 41. Kc2 Kf6 42. Kb1 Kf5 43. Rc2 Rb7+ 44. Ka1 Rb2 45. Rc5+ Kg6 46.
h4 Rxf2 47. Rc3 Kh5 48. Rc5+ f5 49. Rc7 Kh6 50. Rc6+ g6 51. Rc3 Kh5 52. Kb1 Rh2
53. Rxa3 Kg4 54. Kc1 Rh3 55. h5 Rxh5 56. Kd2 Rh3 0-1

[Event "Vaujany Principal"]
[Site "?"]
[Date "2018.07.19"]
[Round "8.7"]
[White "Meuniker, Clement"]
[Black "Nitish, Belurkar"]
[Result "1-0"]
[WhiteElo "2322"]
[BlackElo "2306"]
[PlyCount "67"]
[EventDate "2018.??.??"]

1. e4 e6 2. d4 d5 3. Nd2 dxe4 4. Nxe4 Bd7 5. Nf3 Bc6 6. Bd3 Nd7 7. c3 Ngf6 8.
Ng3 Be7 9. O-O O-O 10. Re1 Bxf3 11. Qxf3 c6 12. Bf4 Re8 13. Rad1 Qa5 14. Bb1
Rad8 15. h4 Nf8 16. h5 h6 17. Be5 N6d7 18. Bf4 Nf6 19. a3 Qb6 20. b4 a5 21. Ne4
Nd5 22. Be5 f6 23. Bg3 axb4 24. axb4 f5 25. Nc5 Bxc5 26. dxc5 Qa6 27. Bd3 Qa3
28. Be5 Nd7 29. Bd4 N5f6 30. Bc4 Ne4 31. Ra1 Qb2 32. Ra2 Ng5 33. Qg3 f4 34. Qg4
1-0

[Event "Vaujany Principal"]
[Site "?"]
[Date "2018.07.19"]
[Round "8.8"]
[White "Skomorokhin, Roman"]
[Black "Bacrot, Alexandre"]
[Result "1/2-1/2"]
[WhiteElo "2371"]
[BlackElo "2197"]
[PlyCount "106"]
[EventDate "2018.??.??"]

1. d4 Nf6 2. c4 e6 3. g3 d5 4. Nf3 c6 5. Nbd2 Ne4 6. Qc2 f5 7. Bg2 Be7 8. O-O
O-O 9. Ne5 Nd7 10. Nd3 Nxd2 11. Bxd2 Bf6 12. Bb4 Re8 13. e3 a5 14. Bd2 b6 15.
Rfc1 Bb7 16. a3 Rc8 17. b4 c5 18. bxc5 bxc5 19. cxd5 Bxd5 20. Bxd5 exd5 21. Qa2
c4 22. Nf4 Nf8 23. Qc2 Qd7 24. Bxa5 g5 25. Ne2 Ng6 26. Qd1 f4 27. exf4 gxf4 28.
Rc3 Re4 29. f3 Rxe2 30. Qxe2 Bxd4+ 31. Kg2 Re8 32. Qd2 Be3 33. Rxe3 Rxe3 34.
Rd1 Rd3 35. Qc2 Ne5 36. Rxd3 Nxd3 37. Qb1 Qe7 38. Qb8+ Kf7 39. Bc3 Qe2+ 40. Kh3
Nf2+ 41. Kh4 Qe7+ 42. Kh5 Qe8 43. Qd6 Qe6 44. Qxf4+ Ke7 45. Qc7+ Ke8 46. Qb8+
Kd7 47. Qa7+ Kc6 48. Qxf2 Qg6+ 49. Kh4 Qh6+ 50. Kg4 Qe6+ 51. Kg5 Qg6+ 52. Kf4
Qh6+ 53. Kg4 Qe6+ 1/2-1/2

[Event "Vaujany Principal"]
[Site "?"]
[Date "2018.07.19"]
[Round "8.9"]
[White "Bandet, Raphael"]
[Black "Dudognon, Thibault"]
[Result "0-1"]
[WhiteElo "2160"]
[BlackElo "2316"]
[PlyCount "78"]
[EventDate "2018.??.??"]

1. d4 d5 2. Bf4 Nf6 3. e3 c5 4. c3 Nc6 5. Nd2 cxd4 6. exd4 Bf5 7. Ngf3 e6 8.
Bb5 Bd6 9. Ne5 Rc8 10. Qa4 O-O 11. Bxc6 bxc6 12. h3 c5 13. O-O Qc7 14. Qa6 h6
15. Rfe1 Nd7 16. g4 Bh7 17. Nxd7 Bxf4 18. Nxf8 Kxf8 19. Qe2 cxd4 20. cxd4 Qb8
21. Nf1 Rc2 22. Qf3 Rxb2 23. Ng3 Bxg3 24. Qxg3 Qxg3+ 25. fxg3 Be4 26. Rec1 Rg2+
27. Kf1 Rh2 28. h4 Ke7 29. g5 hxg5 30. hxg5 Kd6 31. Kg1 Rd2 32. Rc8 Rxd4 33. a4
Rd3 34. Ra8 Rxg3+ 35. Kf2 Rg2+ 36. Ke3 Ke5 37. Rd8 d4+ 38. Rxd4 Rg3+ 39. Kf2
Rf3+ 0-1

[Event "Vaujany Principal"]
[Site "?"]
[Date "2018.07.19"]
[Round "8.12"]
[White "Terbe, Zsuzsanna"]
[Black "Terbe, Julianna"]
[Result "1/2-1/2"]
[WhiteElo "2178"]
[BlackElo "2238"]
[PlyCount "61"]
[EventDate "2018.??.??"]

1. d4 d5 2. c4 c6 3. cxd5 cxd5 4. Nc3 Nf6 5. Nf3 Nc6 6. Bf4 Bf5 7. e3 e6 8. Bd3
Bd6 9. Bxd6 Bxd3 10. Qxd3 Qxd6 11. O-O O-O 12. Rfc1 Rfc8 13. h3 h6 14. a3 a6
15. Rc2 Rc7 16. Rac1 Rac8 17. Ne2 Ne7 18. Rxc7 Rxc7 19. Rxc7 Qxc7 20. Qc3 Qxc3
21. Nxc3 Nc6 22. Kf1 Kf8 23. Ke2 Ke7 24. Kd3 Kd6 25. Nd2 Nd7 26. Nb3 Nb6 27.
Nc5 Kc7 28. N3a4 Nxa4 29. Nxa4 Na5 30. Nc5 Nc4 31. Kc2 1/2-1/2

[Event "Vaujany Principal"]
[Site "?"]
[Date "2018.07.19"]
[Round "8.16"]
[White "Frantz, Nicolas"]
[Black "Lux, Hiogo De Melo"]
[Result "1/2-1/2"]
[WhiteElo "2080"]
[BlackElo "2154"]
[PlyCount "74"]
[EventDate "2018.??.??"]

1. e4 c5 2. Nf3 e6 3. b3 Nc6 4. Bb2 a6 5. c4 d5 6. exd5 exd5 7. cxd5 Nb4 8. Nc3
Bf5 9. d3 Qe7+ 10. Kd2 O-O-O 11. Qe1 Qc7 12. Qe5 Nh6 13. Qxc7+ Kxc7 14. a3 Nxd5
15. Nxd5+ Rxd5 16. h3 f6 17. Nh4 Be6 18. g4 Rd6 19. Rc1 Rb6 20. b4 Kb8 21. Bg2
Bd6 22. Rce1 Bf4+ 23. Kc2 cxb4 24. Bd4 Rc8+ 25. Kb1 Rd6 26. Re4 Bg5 27. Nf3 Bd5
28. Re7 bxa3 29. Rhe1 Bd2 30. Nxd2 Bxg2 31. Be3 Rxd3 32. Rxg7 Bd5 33. Bxh6 Rdc3
34. Bf4+ Ka8 35. Ne4 Rc2 36. Nxf6 Rb2+ 37. Ka1 Ra2+ 1/2-1/2

[Event "Vaujany Principal"]
[Site "?"]
[Date "2018.07.19"]
[Round "8.18"]
[White "Tanishka, Maria"]
[Black "Fodor, Balazs"]
[Result "1-0"]
[WhiteElo "1910"]
[BlackElo "2147"]
[PlyCount "79"]
[EventDate "2018.??.??"]

1. e4 e6 2. d4 d5 3. exd5 exd5 4. c4 Nf6 5. Nc3 c6 6. Nf3 Be7 7. Bd3 O-O 8.
cxd5 Nxd5 9. O-O Bf6 10. h3 Be6 11. a3 Nd7 12. Ne4 h6 13. Re1 Qc7 14. Bd2 Rfe8
15. Qc1 Nf8 16. Nxf6+ Nxf6 17. Bf4 Qe7 18. Qc5 Nd5 19. Bd6 Qd8 20. Bxf8 Rxf8
21. Rad1 Qf6 22. Ne5 Rfd8 23. Bb1 Nf4 24. Qc2 g6 25. Re3 Bf5 26. Qc4 Bxb1 27.
Rxb1 Rd5 28. Kh2 Rad8 29. Rd1 Qd6 30. Rf3 Ne6 31. Rxf7 Rxe5 32. dxe5 Qxe5+ 33.
f4 Rxd1 34. fxe5 Kxf7 35. Qh4 Rf1 36. Qxh6 Rf5 37. Qe3 b6 38. Qe4 Nd8 39. Qd4
Ke8 40. Qd6 1-0

[Event "Vaujany Principal"]
[Site "?"]
[Date "2018.07.19"]
[Round "8.21"]
[White "Kaloczi, Kristof"]
[Black "Khachatryan, Samvel S"]
[Result "1/2-1/2"]
[WhiteElo "2029"]
[BlackElo "2091"]
[PlyCount "108"]
[EventDate "2018.??.??"]

1. b3 Nf6 2. Bb2 e6 3. e3 c5 4. f4 b6 5. Nf3 Bb7 6. Be2 Be7 7. O-O d6 8. c4
Nbd7 9. d4 O-O 10. Nc3 cxd4 11. Nxd4 Nc5 12. Bf3 Qd7 13. g4 Nfe4 14. Qc2 Nxc3
15. Qxc3 Bxf3 16. Rxf3 Ne4 17. Qc2 d5 18. cxd5 Qxd5 19. Rd1 Rac8 20. Qd3 Rfd8
21. Rff1 Bf6 22. Qe2 Qa5 23. g5 Bxd4 24. Rxd4 Rxd4 25. Bxd4 Qd2 26. Qxd2 Nxd2
27. Rf2 Rc1+ 28. Kg2 Ne4 29. Bb2 Nxf2 30. Bxc1 Nd3 31. Bd2 Kf8 32. Kf3 Ke7 33.
Ke4 Nc5+ 34. Kd4 Kd7 35. Bb4 e5+ 36. Kd5 exf4 37. exf4 Ne6 38. Bd2 g6 39. Ke5
Ke7 40. Bb4+ Ke8 41. h4 Ng7 42. Be1 Ke7 43. Bb4+ Ke8 44. a4 Ne6 45. Ba3 Ng7 46.
b4 Nf5 47. h5 Ne3 48. hxg6 hxg6 49. Bc1 Nf5 50. b5 Kd7 51. Kf6 Ke8 52. Ba3 Ne3
53. Bd6 Nd5+ 54. Ke5 Nc3 1/2-1/2

[Event "Vaujany Principal"]
[Site "?"]
[Date "2018.07.19"]
[Round "8.22"]
[White "Berta, Sandor"]
[Black "Suez-Panama, Gilles"]
[Result "1/2-1/2"]
[WhiteElo "2083"]
[BlackElo "2010"]
[PlyCount "79"]
[EventDate "2018.??.??"]

1. d4 Nf6 2. Nf3 g6 3. Bf4 Bg7 4. e3 c6 5. c3 d6 6. Be2 Qb6 7. Qc1 Bg4 8. Nbd2
Nh5 9. Bg5 h6 10. Bh4 g5 11. h3 Be6 12. g4 Nf6 13. Bg3 d5 14. Bd3 Nbd7 15. Ne5
h5 16. Ndf3 hxg4 17. Nxg5 Nxe5 18. Bxe5 Bd7 19. Qc2 gxh3 20. O-O-O Rg8 21. Nxh3
O-O-O 22. Ng5 Ng4 23. Bf4 Rdf8 24. Bf5 Qd8 25. Rdg1 e5 26. dxe5 Nxe5 27. Rg3
Bf6 28. Rhg1 Bxg5 29. Bxg5 Qe8 30. Bh6 Rxg3 31. Rxg3 Rg8 32. Bxd7+ Nxd7 {(=)}
33. Rxg8 Qxg8 34. Qf5 Qg1+ 35. Kc2 Qg6 36. Qxg6 fxg6 37. Bf4 Nc5 38. Be5 a6 39.
Bd4 Ne6 40. Kd3 1/2-1/2

[Event "Vaujany Principal"]
[Site "?"]
[Date "2018.07.20"]
[Round "9.1"]
[White "Antal, Gergely"]
[Black "Womacka, Mathias"]
[Result "1/2-1/2"]
[WhiteElo "2542"]
[BlackElo "2444"]
[PlyCount "78"]
[EventDate "2018.??.??"]

1. e4 c5 2. Nf3 d6 3. d4 cxd4 4. Nxd4 Nf6 5. Nc3 a6 6. h3 e6 7. g4 b5 8. Bg2
Bb7 9. O-O Nfd7 10. Re1 Nc6 11. a4 b4 12. Nd5 a5 13. Nb5 exd5 14. exd5+ Nce5
15. f4 Be7 16. fxe5 Nxe5 17. Bf4 O-O 18. Kh1 Re8 19. Bxe5 dxe5 20. Rxe5 Qd7 21.
c4 Bc5 22. Rxe8+ Rxe8 23. Qd2 Ba6 24. Nd4 Bb6 25. b3 g6 26. Nf5 Qd8 27. Nh6+
Kg7 28. g5 Be3 29. Qb2+ f6 30. h4 Qb6 31. Re1 Bc8 32. c5 Qd8 33. d6 Bxg5 34.
Rxe8 Qxe8 35. hxg5 Qe1+ 36. Kh2 Qh4+ 37. Kg1 Qxg5 38. Qf2 Qc1+ 39. Bf1 Qg5+
1/2-1/2

[Event "Vaujany Principal"]
[Site "?"]
[Date "2018.09.20"]
[Round "9.2"]
[White "Konguvel, Ponnuswamy"]
[Black "Joie, Sebastien"]
[Result "0-1"]
[WhiteElo "2340"]
[BlackElo "2399"]
[PlyCount "120"]

1. e4 e5 2. Nf3 Nf6 3. Nxe5 d6 4. Nf3 Nxe4 5. Nc3 Nxc3 6. dxc3 Be7 7. Be3 O-O
8. Qd2 Nd7 9. O-O-O Nf6 10. c4 c5 11. Bd3 b5 12. Ng5 bxc4 13. Bxc4 Bf5 14. h4
Qb6 15. f3 Rab8 16. b3 d5 17. Bd3 Bxd3 18. Qxd3 Qa5 19. Kb1 c4 20. Qd4 Rb6 21.
Bd2 Bb4 22. Rhe1 Bxd2 23. Qxd2 c3 24. Qd4 Rc8 25. Rd3 h6 26. Nh3 Rc4 27. Qe5
Ra6 28. Kc1 Rc8 29. a4 Qb4 30. Qe7 Rxa4 31. bxa4 Qb2+ 32. Kd1 Qb1+ 33. Ke2
Qxc2+ 34. Ke3 Re8 35. Qxe8+ Nxe8 36. Nf4 Nd6 37. Nxd5 Nc4+ 38. Kd4 Nb2 39. Re8+
Kh7 40. Ree3 Qxa4+ 41. Kxc3 Qa3+ 42. Kd4 Nxd3 43. Rxd3 Qb2+ 44. Ke3 Qxg2 45.
Rd4 Qg1+ 46. Kd3 Qf2 47. Rf4 f6 48. Ne3 Qb2 49. Rc4 a5 50. Nd1 Qb1+ 51. Kd2 Qb3
52. Ne3 a4 53. Rc3 Qb4 54. Nc4 h5 55. Kc2 g5 56. hxg5 h4 57. f4 Qxc3+ 58. Kxc3
h3 59. g6+ Kxg6 60. f5+ Kh7 0-1